Регионална библиотека "Любен Каравелов" - Русе

Histoire de la litterature anglaise (Запис номер 391353)

MARC детайли
000 -Лидер
Контролно поле с фиксирана дължина 02635nam a2200385 a 4500
003 - Код на организацията, давaща контролен номер
Контролно поле BLK
005 - Дата и час на последна редакция
Контролно поле 20250118125555.0
008 - Елементи от данни с фиксирана дължина
fixed length control field 201105b bu ||||| |||| 00| 0 bu d
040 ## - Източник на каталожния запис
Идентификатор на билиотеката - собственик на записа BLK
041 ## - Код за език
Код за езика на текст/звукозапис или на отделно заглавие Френски
Код за езика КДБФ Френски
080 ## - УДК
Текстов определител УДК Английска литература
УДК код - определител по УДК 821.111
УДК определител .09
УДК - код + определител 821.111.09
100 ## - Редна дума - Автор
R(LIN) 1299
Автор Taine, H.
Авторска отговорност първи автор
245 ## - Сведения за заглавието
Заглавие Histoire de la litterature anglaise
Подзаглавни данни T. 1 -
Редно поле (дума) H. Taine
Том T. 5
Заглавие на том Les contemporains
250 ## - Област на изданието
Сведения за изданието 6. ed.
260 ## - Област на издателските данни
9 (RLIN) 219407
Място на издаване, разпространение и проч. Paris
Име на издателя, разпространителя и проч. Libr. Hachette et C-ie
Година на издаване 1886
300 ## - Физическа характеристика
Размери/Мащаб 17 см
380 ## - Жанр
Жанр Литературознание
490 ## - СЕРИИ (Колекции)
9 (RLIN) 435080
Име на серия Колекция Редки и ценни издания
490 ## - СЕРИИ (Колекции)
9 (RLIN) 435931
Име на серия Лична библиотека на Захари Стоянов
№: серия 18
500 ## - Общи забележки
Забележка Датирана: 27.І..936 г. № 168. Бележки
650 #7 - Допълнително описание по предмет – тема
Основно описание – тема или топоним Английска литература - история
Източник на редна или ключова дума
9 (RLIN) 146918
760 ## - Описание на основната серия
Страници - том 480 с.
Част - том T. 5
Заглавие Les contemporains
852 ## - Местоположение
Форматна сигнатура Рф 886 ЗСт
Фондова буква Редки и ценни
856 ## - Електронен адрес и достъп
Име на файл Съдържание
Права за достъп Достъп за регистрирани потребители
Електронен формат jpg - файл
Път до файла /url/ http://185.138.176.146:18082/cgi-bin/koha/opac-retrieve-file.pl?id=2fd49a72832a7ba99d2f5a739d13c4d7
Допълнителна информация (Корица, съдържание, пълен текст, звуков файл, HTML файл) Изображение
Информация за съдържанието Съдържание 1
856 ## - Електронен адрес и достъп
Име на файл Съдържание
Права за достъп Достъп за регистрирани потребители
Електронен формат jpg - файл
Път до файла /url/ http://185.138.176.146:18082/cgi-bin/koha/opac-retrieve-file.pl?id=5ea872b0af62b7eeb8e2e1096efb8553
Допълнителна информация (Корица, съдържание, пълен текст, звуков файл, HTML файл) Изображение
Информация за съдържанието Съдържание 2
856 ## - Електронен адрес и достъп
Име на файл Съдържание
Права за достъп Достъп за регистрирани потребители
Електронен формат jpg - файл
Път до файла /url/ http://185.138.176.146:18082/cgi-bin/koha/opac-retrieve-file.pl?id=da3d26405d6724efa520ff7d947cc232
Допълнителна информация (Корица, съдържание, пълен текст, звуков файл, HTML файл) Изображение
Информация за съдържанието Съдържание 3
856 ## - Електронен адрес и достъп
Име на файл Съдържание
Права за достъп Достъп за регистрирани потребители
Електронен формат jpg - файл
Път до файла /url/ http://185.138.176.146:18082/cgi-bin/koha/opac-retrieve-file.pl?id=d80176b716f86d384bfc35dcc328350c
Допълнителна информация (Корица, съдържание, пълен текст, звуков файл, HTML файл) Изображение
Информация за съдържанието Съдържание 4
856 ## - Електронен адрес и достъп
Име на файл Съдържание
Права за достъп Достъп за регистрирани потребители
Електронен формат jpg - файл
Път до файла /url/ http://185.138.176.146:18082/cgi-bin/koha/opac-retrieve-file.pl?id=7e2f91db359feb7e9d18869b32666e9d
Допълнителна информация (Корица, съдържание, пълен текст, звуков файл, HTML файл) Изображение
Информация за съдържанието Съдържание 5
856 ## - Електронен адрес и достъп
Име на файл Съдържание
Права за достъп Достъп за регистрирани потребители
Електронен формат jpg - файл
Път до файла /url/ http://185.138.176.146:18082/cgi-bin/koha/opac-retrieve-file.pl?id=1bd79c66813202ff091b798e65b54ee2
Допълнителна информация (Корица, съдържание, пълен текст, звуков файл, HTML файл) Изображение
Информация за съдържанието Съдържание 6
856 ## - Електронен адрес и достъп
Име на файл Съдържание
Права за достъп Достъп за регистрирани потребители
Електронен формат jpg - файл
Път до файла /url/ http://185.138.176.146:18082/cgi-bin/koha/opac-retrieve-file.pl?id=5944220767d942b8bebd6766530f1bb1
Допълнителна информация (Корица, съдържание, пълен текст, звуков файл, HTML файл) Изображение
Информация за съдържанието Съдържание 7
856 ## - Електронен адрес и достъп
Име на файл Съдържание
Права за достъп Достъп за регистрирани потребители
Електронен формат jpg - файл
Път до файла /url/ http://185.138.176.146:18082/cgi-bin/koha/opac-retrieve-file.pl?id=3d68decb5dc3f3cd73de049c053cf5ca
Допълнителна информация (Корица, съдържание, пълен текст, звуков файл, HTML файл) Изображение
Информация за съдържанието Съдържание 8
942 ## - АРТИКУЛИ
Вид на библиотечния материал Книги
Скрит в OPAC Не
Периодичен библиозапис Да
944 ## - СЪЗДАВАНЕ И РЕДАКЦИЯ на ЗАПИСА
Създаване/Редакция Създаване
Дата на регистрацията/редакция 2020-11-05
Служител, извършил регистрацията/редакцията 30560
Статус, дата на статуса Геновева Генчева
999 ## - СИСТЕМНИ КОНТРОЛНИ НОМЕРА
Koha biblionumber 391353
Koha biblioitemnumber 391353
999 ## - СИСТЕМНИ КОНТРОЛНИ НОМЕРА
Koha biblioitemnumber 391353
Наличности
Код за отписване Код за изгубен артикул Източник на класификационната схема Код за повреда Коз за рестрикции Код за отдаване Артикулен № Име на библиотеката - собственик Име на библиотеката, в която се намира в момента Статус (Текущо местоположение) Дата на вписване в системата Местоположение - отдел Цена в лева Инвентарен номер Систематично азбучна сигнатура Баркод Цена в евро Служебен тип на артикула
  Не е изгубен Universal Decimal Classification Не е повреден само за читалня Специални фондове ( старопечатни, редки и ценни, фонд М. Арнаудов) 804811 Регионална библиотека "Любен Каравелов" Русе Регионална библиотека "Любен Каравелов" Русе Редки и ценни 2020-11-06 Редки и ценни 0.37 4430-І Рф 881 ЗСт 900000038404 0.19 Книги
Vip Innovations Ltd, Rousse, Bulgaria 2025